000 00366pab a2200157 454500
008 180718b2001 xxu||||| |||| 00| 0 eng d
100 _aShajahan, S.
245 _aA look into some poverty alleviation programmes
260 _c2001
300 _ap.37-41
362 _aFeb
650 _aPoverty - India
650 _aPoverty
773 _aYojana
909 _a47523
999 _c47523
_d47523